|
|
|
|
| LEADER |
01393nam a2200313 a 4500 |
| 001 |
36676 |
| 003 |
BD-DhAAL |
| 005 |
20191127151230.0 |
| 008 |
191127t1991 bg b i000 0 eng d |
| 999 |
|
|
|c 41920
|d 41920
|
| 010 |
|
|
|a 92901565
|
| 025 |
|
|
|a B-E-7127
|
| 040 |
|
|
|a DLC
|c DLC
|d DLC
|d BD-DhAAL
|
| 043 |
|
|
|a a-bg---
|
| 050 |
0 |
0 |
|a HD8690.6
|b .W67 1991
|
| 082 |
|
|
|a 305.56095492
|2 20
|
| 245 |
0 |
4 |
|a The Working poor in Bangladesh :
|b a case study on employment problems, conditions of work, and legal protection of selected categories of disadvantaged workers in Bangladesh.
|
| 260 |
|
|
|a Dhaka :
|b International Labour Organisation, Area Office, Dhaka,
|c 1991.
|
| 300 |
|
|
|a 60 pages ;
|c 23 cm.
|
| 504 |
|
|
|a Includes bibliographical references.
|
| 526 |
|
|
|a ESS
|
| 541 |
|
|
|a Complimentary copy from Professor Dr. Nasreen Khundker
|e 36676
|
| 650 |
|
0 |
|a Working class
|z Bangladesh
|v Case studies.
|9 37762
|
| 650 |
|
0 |
|a Poor
|x Employment
|z Bangladesh
|v Case studies.
|9 37763
|
| 650 |
|
0 |
|a Labor policy
|z Bangladesh
|v Case studies.
|9 37764
|
| 710 |
2 |
|
|a International Labour Organisation.
|b Area Office, Dhaka.
|9 37765
|
| 852 |
|
|
|a Ayesha Abed Library
|c General Stacks
|
| 942 |
|
|
|2 ddc
|c BK
|
| 952 |
|
|
|0 0
|1 0
|2 ddc
|4 0
|6 305_560954920000000_WOR
|7 0
|9 67309
|a BRACUL
|b BRACUL
|c GEN
|d 2019-11-27
|e Complimentary copy from Professor Dr. Nasreen Khundker
|l 0
|o 305.56095492 WOR
|p 3010036676
|r 2019-11-27
|t 1
|w 2019-11-27
|y BK
|